00635 2200205 4500001002100000005001700021008004100038035002400079040001200103082001400115084001800129090002200147245008400169260006600253300002500319650003400344700002100378850001200399990001800411INLIS00000000002215920160826095401.0  0010-081600000000516 aYOPDYOG a015.59816 a015.59816 Bib aBTR 015.59816 Bib aBibliografi Daerah Sumatera Selatan Tahun 2011c/ Martini Jaya, editor Syaukani aPalembangbBadan Perpustakaan Provinsi Sumatera Selatanc2011 axi, 48 hlm.;c21 cm. aBibliografi- Sumatera Selatan aSyaukani, Zasman aYOPDYOG a52799-PD/A.16